Cómo se hace una tesis (Registro nro. 8341)
[ vista simple ]
| 000 -Cabecera | |
|---|---|
| Campo de control de longitud fija | 00640nam a22002657a 4500 |
| 005 - Fecha y hora de la última transacción | |
| Campo de control | 20260306184637.0 |
| 008 - Elementos de longitud fija--Información general | |
| Campo de control de longitud fija | 160808b2000 xxu||||| |||| 00| 0 spa d |
| 041 ## - Idioma | |
| Código de idioma | Español |
| 082 ## - Clasificación Decimal Dewey | |
| Número de clasificación | 001.42 E19c |
| 100 ## - Entrada principal--Autor personal | |
| Nombre personal | Eco, Umberto |
| 9 (RLIN) | 27258 |
| 245 ## - Título propiamente dicho | |
| Título | Cómo se hace una tesis |
| 260 ## - Pie de imprenta | |
| Lugar de publicación, distribución, etc. | España |
| 260 ## - Pie de imprenta | |
| Nombre del editor, distribuidor, etc. | Gedisa |
| 260 ## - Pie de imprenta | |
| Fecha de publicación, distribución, etc. | 2000 |
| 300 ## - Descripción física | |
| Extensión | 240 páginas |
| 490 ## - Serie | |
| Título de la Serie | Temática General |
| 650 ## - Materia general | |
| Temática (materia general) | MÉTODOS DE INVESTIGACIÓN |
| 650 ## - Materia general | |
| Temática (materia general) | INVESTIGACIONES |
| 650 ## - Materia general | |
| Temática (materia general) | METODOLOGÍA |
| 650 ## - Materia general | |
| Temática (materia general) | CIENCIAS SOCIALES |
| 650 ## - Materia general | |
| Temática (materia general) | TESIS |
| 650 ## - Materia general | |
| Temática (materia general) | FICHA BIBLIOGRÁFICA |
| 650 ## - Materia general | |
| Temática (materia general) | REDACCIÓN |
| 942 ## - Punto de acceso adicional KOHA | |
| Tipo de ítem KOHA | Libro |
| Fuente del sistema de clasificación o colocación | Dewey Decimal Classification |
| Signatura completa | Código de barras | Programa Académico | Tipo de ítem |
|---|---|---|---|
| 001.42 E19c | 7927 | Temática General | Libro |